| 000 | 00530nam a2200157Ia 4500 | ||
|---|---|---|---|
| 008 | 210716s2014 xx 000 0 und d | ||
| 020 | _a9789339205065 | ||
| 041 | _aeng | ||
| 082 | _a658.4094 BEND | ||
| 100 | _aBenton, D A. | ||
| 245 |
_aCEO difference: how to climb crawl and leap your way to the next level of your career. _bHow to climb crawl and leap your way to the next level of your career. |
||
| 250 | _a1 | ||
| 260 |
_aNew Delhi _bMcgraw Hill Companies,Inc. _c2014 |
||
| 300 | _avi,197 | ||
| 650 | _aGeneral Management | ||
| 999 |
_c209337 _d209337 |
||